01063naa a2200217 a 450000100080000000500110000800800410001910000200006024501160008026000090019652003880020565300100059365300220060365300180062565300080064370000190065170000160067070000160068670000180070277301250072011192582013-10-04 2013 bl uuuu u00u1 u #d1 aRAIMONDI, J. V. aCaracteriza????o Molecular do Fen??tipo Espiguetas Agrupadas em Arroz (Oryza sativa L.).h[electronic resource] c2013 aO objetivo deste trabalho foi a caracteriza????o molecular do fen??tipo espiguetas agrupadas em arroz (Oryza sativa L.) utilizando os marcadores microssat??lites (SSR) RM6446 e RM 20330. O marcador RM 20330 foi eficiente para caracterizar o fen??tipo espiguetas agrupadas da Epagri e tamb??m da Embrapa. J?? o marcador RM 6446 n??o ?? polim??rfico para a caracter??stica em quest??o. aArroz aMuta????o natural aProdutividade aSSR1 aMARSCHALEK, R.1 aWICKERT, E.1 aPEREIRA, A.1 aNODARI, R. O. tIn: CONGRESSO BRASILEIRO DE ARROZ IRRIGADO, 8., 2013, Santa Maria, RS. Anais... Santa Maria, RS: UFSM, 2013. p. 281-284.